000 00792nam a22001937a 4500
003 NUST-PNEC
005 20170116180711.0
008 141011b xxu||||| |||| 00| 0 eng d
020 _a9780070070745
040 _cPNEC
082 _a620.102 BRA
100 _9551
_aBrady, George S.
245 _aMaterials handbook : an encyclopedia for managers, technical professionals, purchasing and production managers, technicians, supervisors, and foremen
_cGeorge S. Brady
260 _aNew York :
_bMcGraw Hill Inc.
_cc1991.
300 _aviii, 1056 pages ;
_c24 cm
500 _aIncludes Index http://www.amazon.com/Materials-Handbook-Encyclopedia-Professionals-Technicians/dp/0070070741/ref=sr_1_1?s=books&ie=UTF8&qid=1413018380&sr=1-1&keywords=9780070070745
650 _xME
942 _2ddc
_cBK
999 _c60978
_d60978